| 000 | 00484nam a2200193Ia 4500 | ||
|---|---|---|---|
| 008 | 140306s9999 xx 000 0 und d | ||
| 020 | _a8131509796 | ||
| 020 | _a978-81-315-0979-1 | ||
| 041 | _aeng | ||
| 082 |
_a380.1 _bMAD/FI |
||
| 100 | _aMadura, Jeff | ||
| 245 | _aFinancial Markets and Institutions | ||
| 250 | _a1st | ||
| 260 |
_aNew Delhi _bCengage Learning _c2011 |
||
| 300 | _a649 | ||
| 365 | _bRs.435/- | ||
| 650 | _aFinancial Market Regulation | ||
| 942 |
_2ddc _cBK |
||
| 999 |
_c188300 _d188300 |
||